000 00509ntaaa2200181 4500
003 01
005 20251027202958.0
008 0714s1973 ag 01
040 _aAR-BaBN
_bspa
_cAR-BaBN
_eaacr
_dRIC
082 _a982.0000 Sc3
100 _aScobie, James R
_930695
245 _aArgentina
250 _a1 ed.
260 _aNew York :
_bOxford University Press,
_cc1964
300 _a294 p
500 _aHistoria de la Argentina que incluye la vida política, social, económica, y la actualidad
942 _cBK
999 _c25159
_d25159